Catálogo público

Estudio de factibilidad técnico-económico para el establecimiento de un Molino de Trigo (Triticum aestivum) en Jilotepec, Edo de México / (Record no. 175548)

MARC details
000 -CABECERA
campo de control de longitud fija 04557nam a2200469Ia 4500
001 - NÚMERO DE CONTROL
campo de control dia_4789
003 - IDENTIFICADOR DEL NÚMERO DE CONTROL
campo de control CHAP
005 - FECHA Y HORA DE LA ÚLTIMA TRANSACCIÓN
campo de control 20240919180039.0
007 - CAMPO FIJO DE DESCRIPCIÓN FÍSICA--INFORMACIÓN GENERAL
campo de control de longitud fija ta
008 - DATOS DE LONGITUD FIJA--INFORMACIÓN GENERAL
campo de control de longitud fija 220117s2012 mx bde frm 001 0 spa d
010 ## - NÚMERO DE CONTROL DE LA BIBLIOTECA DEL CONGRESO
Número de control de LC 175548
040 ## - FUENTE DE LA CATALOGACIÓN
Centro/agencia transcriptor CHAP
Centro catalogador/agencia de origen mxchpua
Normas de descripción rda
041 0# - CÓDIGO DE LENGUA
Código de lengua del texto/banda sonora o título independiente spa
Código de lengua del sumario o resumen eng
090 ## - LOCALMENTE ASIGNADO TIPO-LC NÚMERO DE CLASIFICACIÓN (OCLC); NÚMERO DE CLASIFICACIÓN LOCAL (RLIN)
Número de clasificación (OCLC) (R) ; Numero de clasificación, CALL (RLIN) (NR) Tesis
Número cutter local (OCLC) ; Número de libro/Signatura topográfica íntegra, CALL (RLIN) R496
año 2012
100 1# - ENTRADA PRINCIPAL--NOMBRE DE PERSONA
Nombre de persona Reyes Pérez, Julieta
240 10 - TÍTULO UNIFORME
Título uniforme Technical- economical for the instalation of a wheat mill in Jilotepec, Edo. of Mexico.
Lenguaje de la obra Español
245 10 - MENCIÓN DE TÍTULO
Título Estudio de factibilidad técnico-económico para el establecimiento de un Molino de Trigo (Triticum aestivum) en Jilotepec, Edo de México /
Mención de responsabilidad, etc. Julieta Reyes Pérez y Francisco Vidal Méndez
264 ## - PRODUCCIÓN, PUBLICACIÓN, DISTRIBUCIÓN, FABRICACIÓN Y COPYRIGHT
Producción, publicación, distribución, fabricación y copyright Chapingo, México :
Nombre del de productor, editor, distribuidor, fabricante El autor,
Fecha de producción, publicación, distribución, fabricación o copyright 2012
300 ## - DESCRIPCIÓN FÍSICA
Extensión v, 137 hojas :
Otras características físicas mapas, gráficas, diagramas, tablas, planos +
Material acompañante/anejo 1 CD-ROM
336 ## - TIPO DE CONTENIDO
Fuente rdacontent
Término de tipo de contenido texto
Código de tipo de contenido txt
337 ## - TIPO DE MEDIO
Fuente rdamedia
Nombre/término del tipo de medio no mediado
Código del tipo de medio n
338 ## - TIPO DE SOPORTE
Fuente rdacarrier
Nombre/término del tipo de soporte volumen
Código del tipo de soporte nc
500 ## - NOTA GENERAL
Nota general El CD contiene el reporte --<br/>Los planos están incluidos en el reporte
502 ## - NOTA DE TESIS
Nota de tesis Tesis
Tipo de título (Ingeniero Agroindustrial) --
Nombre de la institución que otorga el título UACh. Departamento de Ingeniería Agroindustrial,
Año de obtención del título 2012
504 ## - NOTA DE BIBLIOGRAFÍA, ETC.
Nota de bibliografía, etc. Bibliografía: hojas 128-131
520 3# - SUMARIO, ETC.
Sumario, etc. En este estudio se evalúan un conjunto de factores técnicos, económicos, sociales y ambientales, para determinar la factibilidad y el riesgo de establecer un molino de trigo en el Municipio de Jilotepec, Estado de México. Para ello se realizó una investigación acerca de la disponibilidad de materia prima, un estudio de mercado, se plantea una propuesta de organización social y los montos de inversión total. Jilotepec, es un municipio adecuado para el establecimiento del molino de trigo, ya que se encuentra cerca de la zona metropolitana y las zonas productoras de trigo de temporal en nuestro país, en consecuencia las vías de comunicación son de fácil acceso, y un gran mercado potencial en constante crecimiento. El molino procesará inicialmente 40 ton/día de trigo. Para tal proyecto se requiere una inversión total de $59, 877,843.00. La evaluación de rentabilidad se realizó en un periodo de 10 años, dando como resultado los siguientes indicadores financieros: TREMA 16.78 %, TIR 92.1%, VAN $218, 539,229.49 y N/K 5.14. El análisis muestra que el impacto ecológico solo se realiza en el aire, debido a la contaminación por polvo que se produce durante el proceso de limpieza y molienda. Tomando como base los indicadores anteriores, se concluye que la instalación de un molino de trigo en este municipio es técnica – económica – social y ambientalmente factible.
520 3# - SUMARIO, ETC.
Sumario, etc. This study evaluated a range of technical, economic, social and environmental factors to determine the feasibility and risk of establishing a flour mill in the municipality of Jilotepec, State of Mexico. This work included the raw materials availability and market trends; as well as a proposal for the social organization and the total investment required for the project. Jilotepec, is a suitable location for the establishment of a wheat mill. It is located near the metropolitan area of Mexico City and the productive rainfed wheat zones in our country. As a result, the establishment can have easy access to principal roadways and a rapidly growing market. In its initial stages, the mill will process 40 ton of wheat daily. This project will require a total investment of $ 59,877,843.00. The cost-effectiveness was evaluated for a 10 year period, with the following results: TREMA 16.78 %, TIR 92.1%, VAN $218, 539,229.49 y N/K 5.14. The analysis showed that the ecological impact will be only on air pollution due to dust produced during the cleaning and milling process. Based on the economical indicators, the installation of a flour mill in this municipality is technical - economical - social and environmentally feasible.
650 13 - PUNTO DE ACCESO ADICIONAL DE MATERIA--TÉRMINO DE MATERIA
Término de materia o nombre geográfico como elemento de entrada Trigo
Fuente del encabezamiento o término atg
650 13 - PUNTO DE ACCESO ADICIONAL DE MATERIA--TÉRMINO DE MATERIA
Término de materia o nombre geográfico como elemento de entrada Industria molinera
Subdivisión general Iniciativa empresarial
Subdivisión geográfica México
-- México (Estado)
Fuente del encabezamiento o término atg
650 13 - PUNTO DE ACCESO ADICIONAL DE MATERIA--TÉRMINO DE MATERIA
Término de materia o nombre geográfico como elemento de entrada Wheat
Fuente del encabezamiento o término atg
650 13 - PUNTO DE ACCESO ADICIONAL DE MATERIA--TÉRMINO DE MATERIA
Término de materia o nombre geográfico como elemento de entrada Milling industry
Fuente del encabezamiento o término atg
Subdivisión general Entrepreneurship
Subdivisión geográfica Mexico
-- Mexico (State)
700 1# - PUNTO DE ACCESO ADICIONAL--NOMBRE DE PERSONA
Nombre de persona Vidal Méndez, Francisco
Término indicativo de función/relación autor
700 1# - PUNTO DE ACCESO ADICIONAL--NOMBRE DE PERSONA
Nombre de persona Pérez Herrera, Patricia
Término indicativo de función/relación directora
700 1# - PUNTO DE ACCESO ADICIONAL--NOMBRE DE PERSONA
Nombre de persona García Chávez, Luis Ramiro
Término indicativo de función/relación asesor
700 1# - PUNTO DE ACCESO ADICIONAL--NOMBRE DE PERSONA
Nombre de persona Ponce Hernández, Pedro
Término indicativo de función/relación asesor
856 41 - LOCALIZACIÓN Y ACCESO ELECTRÓNICOS
Identificador Uniforme del Recurso <a href="http://10.13.5.2/tesis/115512.pdf">http://10.13.5.2/tesis/115512.pdf</a>
Texto de enlace DESCARGAR PDF
901 ## - ELEMENTOS DE DATOS A LOCAL LDA (RLIN)
a Tesis R496 2012
942 ## - ELEMENTOS DE PUNTO DE ACCESO ADICIONAL (KOHA)
Tipo de ítem Koha TESIS
Fuente del sistema de clasificación o colocación Clasificación Universidad Autónoma Chapingo
902 ## - ELEMENTOS DE DATOS B LOCAL, LDB (RLIN)
a M
905 ## - ELEMENTOS DE DATOS E LOCAL, LDE (RLIN)
a 5232272012 mx binl8222223322spa16
Holdings
Estado de retiro Estado de pérdida Fuente del sistema de clasificación o colocación Estado dañado Restricciones de uso No para préstamo Código de colección Localización permanente Ubicación/localización actual Fecha de adquisición Fuente de adquisición Total de préstamos Signatura topográfica completa Código de barras Fecha visto por última vez Fecha del último préstamo Número de copia Precio válido a partir de Tipo de ítem Koha Ubicación en estantería
    Clasificación Universidad Autónoma de Chapingo   Préstamo 5 días   Tesis Ingenieria Agroindustrial Ingenieria Agroindustrial 18/01/2022 El autor 1 Tesis R496 2012 1101006425 24/09/2024 24/09/2024 Ej. 3 18/01/2022 CD  
    Clasificación Universidad Autónoma de Chapingo   Préstamo interno   Tesis Ingenieria Agroindustrial Ingenieria Agroindustrial 18/01/2022 El autor   Tesis R496 2012 1101006423 02/02/2026   Ej. 1 18/01/2022 Tesis  
    Clasificación Universidad Autónoma de Chapingo   Préstamo interno   Tesis Ingenieria Agroindustrial Ingenieria Agroindustrial 18/01/2022 El autor   Tesis R496 2012 1101006424 18/01/2022   Ej. 2 18/01/2022 CD  
    Clasificación Universidad Autónoma de Chapingo       Tesis digitales de Licenciatura Ingenieria Agroindustrial Ingenieria Agroindustrial 19/09/2024 El autor     1201006423 19/09/2024     19/09/2024 Tesis digital En línea